Historia y geografía 5
Պահպանված է:
| Հիմնական հեղինակներ: | , |
|---|---|
| Ձևաչափ: | Գիրք |
| Լեզու: | իսպաներեն |
| Հրապարակվել է: |
Santiago
Santillana
1983
|
| Հրատարակություն: | 2a. ed |
| Շարք: | Textos escolares para la educación general básica
|
| Խորագրեր: | |
| Ցուցիչներ: |
Ավելացրեք ցուցիչ
Չկան պիտակներ, Եղեք առաջինը, ով նշում է այս գրառումը!
|
MARC
| LEADER | 00000nam a2200000 a 4500 | ||
|---|---|---|---|
| 001 | UCW3538 | ||
| 003 | CL-VaPUC | ||
| 008 | 881104e19830000CL |||||||||||||||||spa|d | ||
| 082 | 0 | 4 | |a 372.89 |b DUC |2 21 |
| 100 | 0 | |a Duchens Soto, Nancy |e author |9 307803 | |
| 700 | 0 | |a Schmidt Valdivia, Bernardita |e author |9 307804 | |
| 245 | 1 | 0 | |a Historia y geografía 5 |
| 250 | |a 2a. ed | ||
| 300 | |a 192 p | ||
| 942 | |c BK | ||
| 945 | |d 19881104 00:00:00 | ||
| 260 | |a Santiago |b Santillana |c 1983 | ||
| 650 | 0 | |a Historia |9 255047 | |
| 650 | 0 | |a Libros de texto |9 270019 | |
| 650 | 0 | |a Geografía |9 259346 | |
| 650 | 0 | |a Educación básica |9 224933 | |
| 651 | 7 | |a CHILE |2 CL-VaPUC |9 307805 | |
| 583 | |a last modification |c 20141230 01:59:18 |k Rodrigo Vera | ||
| 490 | 0 | |a Textos escolares para la educación general básica | |
| 999 | |c 217507 |d 217505 | ||
| 952 | |0 0 |1 0 |4 0 |6 372_890000000000000_DUC_1983 |7 0 |8 P |9 205243 |a BIBEDU |b BIBEDU |c BIBEDU_PB |d 2019-11-15 |i 2731851 |o 372.89 DUC 1983 |p 2731851 |r 2024-01-25 |w 2019-11-15 |y BK |k EDU | ||
| 952 | |0 0 |1 0 |4 0 |6 372_890000000000000_DUC_1983 |7 0 |8 P |9 205244 |a BIBEDU |b BIBEDU |c BIBEDU_PB |d 2019-11-15 |i 273186K |o 372.89 DUC 1983 |p 273186K |r 2024-01-25 |w 2019-11-15 |y BK |k EDU | ||
| 952 | |0 0 |1 0 |4 0 |6 372_890000000000000_DUC_1983 |7 0 |8 P |9 205245 |a BIBEDU |b BIBEDU |c BIBEDU_PB |d 2019-11-15 |i 2731878 |o 372.89 DUC 1983 |p 2731878 |r 2024-01-25 |w 2019-11-15 |y BK |k EDU | ||